A Funȯ̂ Concorrencial do Direito do Trabalho

Detalles Bibliográficos
Autor principal: de Lucena Filho, Humberto Lima
Formato: eBook
Lenguaje:portugués
Publicado: San Pablo: LTR, 2017
Materias:
Acceso en línea:Acceso restringido

MARC

LEADER 00000nam a22000007a 4500
005 20180319232210.0
007 cr|||| ||||
008 180319s2017 br |||||s|||| 00||0 por d
020 |a 978-85-361-9338-0 
035 |a 21080 
040 |a vLex 
090 |c 7492  |d 7492 
100 1 |a de Lucena Filho, Humberto Lima 
245 1 1 |a A Funȯ̂ Concorrencial do Direito do Trabalho  |h [Recurso electrn̤ico] /  |c Humberto Lima de Lucena Filho 
256 |a Servicio en ln̕ea 
260 |a San Pablo:  |b LTR,  |c 2017 
300 |a 1 recurso electrn̤ico 
500 |a A relevńcia da obra “A Funȯ̂ Concorrencial do Direito do Trabalho”, de Humberto Lima de Lucena Filho, decorre da carn̊cia de estudos na literatura pt̀ria sobre esse enfoque fundamental. Uma anl̀ise econm̥ica do direito se faz necessr̀ia, tambm̌, para aferir o impacto das decise̳s judiciais nas relaė̳s trabalhistas: at ̌que ponto o incremento de direitos pela via judicial afeta a capacidade competitiva das empresas e a empregabilidade. 
506 1 |a Disponible solo en los productos indicados  |d vLex Global  |d vLex Global (Academic Edition, excluding Law Schools)  |d vLex Global (U.S. Academic Edition, Law Schools)  |d vLex Global (U.S. Academic Edition, excluding Law Schools)  |d vLex Global (Academic Edition, Law Schools) 
650 0 4 |a Derecho Laboral y Seguridad Social  |z Brasil 
740 0 |a vLex Libros (Servicio en ln̕ea) 
856 4 0 |u http://vlex.com/source/fun-o-concorrencial-do-direito-do-trabalho-21080  |z Acceso restringido 
942 |c BOOK 
999 0 |a Labor law and social security